| Tag |
First Indicator |
Second Indicator |
Subfields |
| LEADER |
00000cam a22000008a 4500 |
| 001 |
in00000084316 |
| 005 |
20151008061325.0 |
| 008 |
811109s1982 mauac b 00110beng |
| 010 |
|
|
|a 81020690
|
| 020 |
|
|
|a 0262081148
|
| 035 |
|
|
|a (OCoLC)07977842
|
| 035 |
|
|
|9 AAJ7815AM
|
| 039 |
0 |
|
|a 2
|b 3
|c 3
|d 3
|e 3
|
| 040 |
|
|
|a DLC
|c DLC
|d TXA
|d UtOrBLW
|
| 043 |
|
|
|a n-us---
|
| 049 |
|
|
|a TXAM
|c [1673226]
|
| 050 |
0 |
0 |
|a TL565
|b .H32
|
| 082 |
0 |
|
|a 629.132/3/09
|2 19
|
| 100 |
1 |
|
|a Hanle, Paul A.
|
| 245 |
1 |
0 |
|a Bringing aerodynamics to America /
|c Paul A. Hanle.
|
| 263 |
|
|
|a 8203
|
| 264 |
|
1 |
|a Cambridge, Mass. :
|b MIT Press,
|c [1982]
|
| 264 |
|
4 |
|c ©1982
|
| 300 |
|
|
|a xiv, 184 pages :
|b illustrations, portraits ;
|c 21 cm.
|
| 336 |
|
|
|a text
|b txt
|2 rdacontent
|
| 337 |
|
|
|a unmediated
|b n
|2 rdamedia
|
| 338 |
|
|
|a volume
|b nc
|2 rdacarrier
|
| 504 |
|
|
|a Includes bibliographical references and index.
|
| 600 |
1 |
0 |
|a Von Kármán, Theodore,
|d 1881-1963.
|
| 650 |
|
0 |
|a Aeronautics
|x Research
|z United States
|x History.
|
| 650 |
|
0 |
|a Aerodynamics
|x History.
|
| 999 |
|
|
|a MARS
|
| 999 |
f |
f |
|s 6202226a-df83-3c7e-9f1c-0ccbf9195036
|i f59e2ebc-104a-34d8-854d-0d3bb9d3479d
|t 0
|
| 952 |
f |
f |
|p normal
|a Texas A&M University
|b College Station
|c Sterling C. Evans Library
|d Evans: Library Stacks
|t 0
|e TL565 .H32
|h Library of Congress classification
|i unmediated -- volume
|m A14806253941
|
| 998 |
f |
f |
|a TL565 .H32
|t 0
|l Evans: Library Stacks
|